000 00535nam a2200205Ia 4500
005 20260429112134.0
008 260429s9999||||xx |||||||||||||| ||und||
020 _a9780367241841
041 _aEnglish
082 _a613.7046
_bHOR
100 _aHorovitz, Ellen G.
245 0 _aYoga therapy :
_btheory and practice /
_cEllen G. Horovitz
250 _a1st ed.
260 _aNew York :
_bRoutledge,
_c2023.
300 _axvii, 215 p.; pbk
650 _a Therapy
650 _aYoga
700 _a Elgelid, Staffan
942 _cTB
999 _c52550
_d52550